Rzeczy, które są niebieskie według obrazków - Statystyki

Ogólne statystyki
  • Ten quiz został rozwiązany 104 razy
  • Średni wynik to 10 z 20
Statystyki odpowiedzi
Obrazkowy Hint Odpowiedź % Poprawnych
logo tego serwisu Facebook
99%
flaga tego państwa Szwecja
98%
postać fikcyjna Smerf
94%
planeta Neptun
88%
flaga tego państwa Kazachstan
86%
roślina Borówka
83%
logo tego byłego przedsiębiorstwa Motorola
77%
owoc śliwka
70%
naturalny, powierzchniowy ciek rzeka
60%
materiał Szafir
48%
herb tego klubu piłkarskiego Everton
40%
logo tej partii politycznej Partia {Demokratyczna}
36%
Skała metamorficzna Lapis lazuli
25%
obraz olejny Gwiaździsta noc
22%
rodzaj głębokiej zatoki Fiord
19%
program komputerowy po awarii Windows
12%
rozpadlina Great Blue Hole w tym państwie Belize
10%
zwierzę Czapla modra
5%
zwierzę {Modrosójka} błękitna
5%
zwierzę Pavonini
1%
Nie znaleziono quizów pasujących do podanych kryteriów
Rozkład punktacji
Procent ludzi z każdym wynikiem
Percentyl według liczby udzielonych odpowiedzi
Twoja historia wyników
Nie rozwiązałeś tego quizu